书目信息 |
| 题名: |
七彩婚床
|
|
| 作者: | 宋安群 译 | |
| 分册: | ||
| 出版信息: | 合肥 安徽文艺出版社 1996.12 |
|
| 页数: | 248页 | |
| 开本: | 32开 | |
| 丛书名: | ||
| 单 册: | ||
| 中图分类: | J652.2 | |
| 科图分类: | ||
| 主题词: | 外国音乐--作品 , 音乐--各国--作品 | |
| 电子资源: | ||
| ISBN: | 7-5396-1466-8 | |
| 000 | 00556nam0 2200205 45 | |
| 001 | 0004181428 | |
| 005 | 20000418145333.5 | |
| 010 | @a7-5396-1466-8@d8.30元 | |
| 100 | @a20000418d1996 km y0chiy0120 ea | |
| 101 | @achi | |
| 105 | @a z 000yy | |
| 200 | 1 | @a七彩婚床@AQi Cai Hun Chuang@f宋安群译@FSong An QunYi |
| 210 | @a合肥@c安徽文艺出版社@d1996.12 | |
| 215 | @a248页@d32开 | |
| 606 | 0 | @a外国音乐@x作品 |
| 606 | 0 | @a音乐@y各国@x作品 |
| 690 | @aJ652.2@v3 | |
| 701 | @a宋安群@4译 | |
| 801 | @aCN@bPftUser@c20000418 | |
| 905 | @f1@b53211@dJ652.2@eS672 | |
| 七彩婚床/宋安群译.-合肥:安徽文艺出版社,1996.12 |
| 248页;32开 |
| ISBN 7-5396-1466-8:8.30元 |
| ● |
| 相关链接 |
|
|
|
正题名:七彩婚床
索取号:J652.2/S672
 
预约/预借
| 序号 | 登录号 | 条形码 | 馆藏地/架位号 | 状态 | 备注 |
| 1 | 53211 | 200532110 | 社科库309/309社科库 94排2列6层/ [索取号:J652.2/S672] | 在馆 |